000 00799nam a2200253Ia 4500
003 OSt
005 20221005094752.0
006 a|||||r|||| 00| 0
007 ta
008 221004b |||||||| |||| 00| 0 eng d
020 _a0198092075 (hbk)
_c875
024 _a8276
037 _bCBS/184, 28/11/2013, Classic Book Service
_cTextual
040 _aCRL
_cCRL
_beng
041 _2eng
_aeng
082 _aV2z7, Q3
100 _aJodhka Surinder S. Ed.
245 0 _aInterrogating India's modernity
_b Democracy, identity, and citizenship
260 _aOxford
_bOxford University Press UK
_c2013
300 _axi, 328p.
_ccm.
650 _aHISTORY
942 _hV2z7, Q3
_cTEXL
_2cc
999 _c1002477
_d1002477